| 000 | 00406nam a2200145 a 4500 | ||
|---|---|---|---|
| 001 | 000041320 | ||
| 005 | 20201002034802.0 | ||
| 008 | 130930s1989 sp 000 0 spa d | ||
| 040 |
_aDO-SdBNP _bspa _cBNPHU |
||
| 082 |
_axxxx _bxxxx |
||
| 100 | 1 |
_aCela, Camilo José, _d1916- _967951 |
|
| 245 | 1 | 3 |
_aLa colmena / _cCamilo José Cela. |
| 260 |
_aBarcelona : _bPlaza & Janes, _c1989. |
||
| 300 |
_a267 p. ; _c22 cm. |
||
| 999 |
_c40810 _d40810 |
||